000 00964nam a22002417a 4500
003 UPN
005 20240509064305.0
008 220429t1999 mx|||||fr||||f00| 0 spa d
020 _a9701828364
040 _aMX-MxUPN
_bspa
_cMX-MxUPN
050 1 4 _aLB2002 A1
_bL5.3 1999
245 0 0 _aLicenciatura en educación primaria :
_bprimer semestre
250 _a3a ed. rev.
260 _aMéxico :
_bSEP ,
_c1999.
300 _a110 p. :
440 _944338
_aPrograma para la Transformación y el Fortalecimiento Académicos de las Escuelas Normales
500 _a"Elaborado por el personal académico de la Subsecretaría de Educación Básica y Normal de la Secretaría de Educación Pública".
650 4 _aMaestros en servicio, Formación de
_zMEXICO
_9390
650 4 _aEducación media superior
_zMéxico
_xPlanes y programas
_92254
710 1 _aMéxico.
_bSubsecretaría de Educación Básica y Normal
_927954
942 _2lcc
_cLIBRO
999 _c208416
_d208416